000 00382nam a2200157Ia 4500
008 151213s9999 xx 000 0 und d
100 _aW.B.Werther
245 _aHuman Research Management
_cW.B.Werther
250 _a5th
260 _aNew York
_b Mc Grow Hill
_c1996
300 _a4264 p.
650 _aManagement
650 _aManagement
700 _aW.B.Werther
999 _c2688
_d2688